000 00327 a2200157 4500
001 190366
020 _a978-85-260-1928-7
040 _cMagnum
100 _aFrança, Mary
240 1 0 _aSabem por quê?
_lpor
245 1 0 _aSabem por quê?
300 _a19
362 0 _a2013
697 _aLITERATURA INFANTIL
942 _cBK
999 _c190366
_d190366